Film dont le titre commence par un T (1) - Statistiques

Statistiques générales
  • Ce quiz a été pris 7 fois
  • Le résultat moyen est 5 sur 30
Statistiques - réponses
Année Réalisateur Genre 1 acteur ou
1 actrice
Titre % Correct
1997 James Camaron Drame Leonardo DiCaprio Titanic
86%
1998 Gérard Pirès Action Samy Naceri Taxi
71%
2008 Robert Zorn Fantastique Robert Pattinson Twilight
71%
1976 Martin Scorcese Drame psychologique Robert De Niro Taxi driver
43%
1979 Roman Polanski Drame Nastassja Kinski Tess
43%
1986 Tony Scott Aventures Tom Cruise Top Gun
43%
1985 Gilles Cohen Comédie Michel Boujenah Trois hommes et un couffin
43%
1991 Ridley Scott Aventures Susan Sarandon Thelma et Louise
29%
2015 Alejandro Gonzalez Western Leonardo DiCaprio The Revenant
29%
1991 Pedro Almodovar Comédie Marisa Paredes Talons aiguilles
14%
2009 Pascal Elbé Drame Roschdy Zem Tête de Turc
14%
2011 Luc Besson Drame Michelle Yeoh The Lady
14%
2006 Stephen Frears Drame Michael Sheen The Queen
14%
1972 Woody Allen Comédie Woody Allen Tout ce que vous avez toujours voulu savoir sur le sexe sans jamais oser le demander
14%
2015 Alexandre Castagnetti Comédie Sylvie Testud Tamara
0%
1992 Patrice Leconte Comédie Philippe Noiret Tango
0%
1962 J. Lee Thompson Aventures Yul Brynner Tarass Boulba
0%
1978 Philippe De Broca Comédie Philippe Noiret Tendre poulet
0%
1986 Bernard Farcy Comédie Michel Blanc Tenue de soirée
0%
1953 Marcel Carné Drame psychologique Simone Signoret Thérèse Raquin
0%
1939 Diane English Comédie Meg Ryan The women
0%
2012 Serge Bozon Comédie Samy Nacéri TipTop
0%
1951 Allan Dwan Guerre Wendell Corey Tonnerre sur le Pacifique
0%
1957 Dick Powell Guerre Robert Mitchum Torpilles sous l'Atlantique
0%
2012 David Frankel Comédie Meryl Streep Tous les espoirs sont permis
0%
2011 Philippe Lioret Drame Vincent Lindon Toutes nos envies
0%
1956 Maurice de Canonge Musical Marcel Merkès Trois de la Canebière
0%
2015 Cesc Gay Comédie dramatique Ricardo Darin Truman
0%
2012 Fabien Ontaniente Comédie Thierry Roland Turf
0%
2010 Gilles Legrand Drame Niels Arestrup Tu seras mon fils
0%
Aucun quiz correspondant
Distribution des résultats
% des personnes avec chaque résultat
Percentile par nombre de réponses
Votre historique - résultats
Vous n’avez pas pris ce quiz